header

Dangerous encounters-- avoiding perilous situations with autism (Record no. 58034)

MARC details
000 -LEADER
fixed length control field 01457nam a22003614a 4500
082 04 - DEWEY DECIMAL CLASSIFICATION NUMBER
Classification number 616.89/82
100 1# - MAIN ENTRY--AUTHOR NAME
Personal name Davis, Bill,
245 10 - TITLE STATEMENT
Title Dangerous encounters-- avoiding perilous situations with autism
260 ## - PUBLICATION, DISTRIBUTION, ETC. (IMPRINT)
Place of publication London ;
-- Philadelphia :
Name of publisher Jessica Kingsley Publishers,
Year of publication 2002.
300 ## - PHYSICAL DESCRIPTION
Number of Pages 176 p. :
Other physical details ill.
500 ## - GENERAL NOTE
General note Includes index.
650 #0 - SUBJECT ADDED ENTRY--TOPICAL TERM
Topical Term Autism
Topical Term Autism.
Topical Term Communication in emergency medicine.
Topical Term Emergency medical personnel.
Topical Term Risk-taking (Psychology)
700 1# - ADDED ENTRY--PERSONAL NAME
Personal name Schunick, Wendy Goldband,
856 40 - ELECTRONIC LOCATION AND ACCESS
Uniform Resource Identifier http://site.ebrary.com/lib/rucke/Doc?id=10035666

No items available.

© 2026 Rongo University
Contact us: librarian | system librarian | Rongo university